Cognitive Psychology /

Gespeichert in:
Bibliographische Detailangaben
Hauptverfasser: Eysenck, Michael W. (Verfasst von), Keane, Mark T. (Verfasst von)
Format: Buch
Sprache:Englisch
Veröffentlicht: London Taylor and Francis 2015
Ausgabe:7. vyd.
Schlagworte:
Tags: Tag hinzufügen
Keine Tags, Fügen Sie das erste Tag hinzu!

MARC

LEADER 00000nam a22000003a 4500
001 0022368
005 20170224172718.0
007 ta
008 061127s2015----xxkal--er-------1---eng-d
020 |a 978-1-84872-416-7 
040 |a STU  |b slo 
041 0 |a eng  |h eng 
100 1 |a Eysenck, Michael W.  |4 aut 
245 1 |a Cognitive Psychology / 
246 3 1 |b a student's handbook 
250 |a 7. vyd. 
260 |a London  |b Taylor and Francis  |c 2015 
300 |a 838 s. 
650 7 |a kognitívna psychológia  |2 estusub 
650 7 |a príručka 
700 1 |a Keane, Mark T.  |4 aut 
996 |b 8326  |c I* 8326  |l II680  |s A  |a 24  |w 0022368_0001